[Event "Prague Golden Rapid op"]
[Site "Prague"]
[Date "2023.06.17"]
[Round "4"]
[White "Bodicky, Michal"]
[Black "Vojta, Tomas"]
[Result "0-1"]
[WhiteElo "2012"]
[BlackElo "2361"]
[PlyCount "60"]
[EventDate "2023.06.17"]
[EventType "swiss (rapid)"]
[EventRounds "9"]
[EventCountry "CZE"]
[SourceTitle "CBM 215 Extra"]
[Source "ChessBase"]
[SourceDate "2023.09.30"]
[SourceVersion "1"]
[SourceVersionDate "2023.09.30"]
[SourceQuality "1"]

1. d4 d5 2. c4 Nc6 3. Nc3 Nf6 4. Nf3 dxc4 5. e3 Bg4 6. Bxc4 e6 7. Bb5 Bd6 8. Qa4 Bxf3 9. gxf3 Qd7 10. e4 Bb4 11. Bxc6 Bxc3+ 12. bxc3 Qxc6 13. Qxc6+ bxc6 14. Rb1 Kd7 15. Rg1 g6 16. Ke2 Rhb8 17. Ba3 Rb5 18. Rb3 a6 19. Ke3 Ne8 20. Bc5 Nd6 21. Kd3 Nb7 22. Ba3 Na5 23. Rb4 Nb7 24. Rgb1 Nd6 25. c4 Rh5 26. Rh1 c5 27. Rb3 cxd4 28. Kxd4 Rh3 29. Bxd6 Kxd6 30. f4 c5# 0-1

[Event "Prague Golden Rapid op"]
[Site "Prague"]
[Date "2023.06.17"]
[Round "1"]
[White "Vojta, Tomas"]
[Black "Zakoucky, Otto"]
[Result "1-0"]
[WhiteElo "2361"]
[BlackElo "1500"]
[PlyCount "57"]
[EventDate "2023.06.17"]
[EventType "swiss (rapid)"]
[EventRounds "9"]
[EventCountry "CZE"]
[SourceTitle "CBM 215 Extra"]
[Source "ChessBase"]
[SourceDate "2023.09.30"]
[SourceVersion "1"]
[SourceVersionDate "2023.09.30"]
[SourceQuality "1"]

1. e4 d6 2. d4 Nf6 3. Nc3 Nbd7 4. Nf3 e5 5. g4 h6 6. Rg1 c6 7. h4 Be7 8. Be3 b6 9. a4 Nh7 10. dxe5 Nxe5 11. Nxe5 dxe5 12. Qxd8+ Kxd8 13. a5 b5 14. g5 hxg5 15. hxg5 Nf8 16. 0-0-0+ Kc7 17. Bxb5 Bb4 18. Bc4 Be6 19. Bxe6 Nxe6 20. g6 f6 21. a6 Rh4 22. f3 Nf4 23. Rh1 Rhh8 24. Bxf4 exf4 25. Ne2 Bd6 26. Nd4 Rad8 27. Ne6+ Kd7 28. Nxg7 Kc7 29. Ne6+ 1-0

[Event "CZE-chT2A 2223"]
[Site "Czech Republic"]
[Date "2022.12.04"]
[Round "4.4"]
[White "Richtrova, Eliska"]
[Black "Vojta, Tomas"]
[Result "0-1"]
[WhiteElo "2157"]
[BlackElo "2320"]
[PlyCount "120"]
[EventDate "2022.10.16"]
[EventType "team-tourn"]
[EventRounds "11"]
[EventCountry "CZE"]
[SourceTitle "EXT 2024"]
[Source "ChessBase"]
[SourceDate "2023.10.10"]
[SourceVersion "1"]
[SourceVersionDate "2023.10.10"]
[SourceQuality "1"]
[WhiteTeam "Budejovice"]
[BlackTeam "Vlasim"]
[WhiteTeamCountry "CZE"]
[BlackTeamCountry "CZE"]

1. e4 d5 2. exd5 Qxd5 3. Nc3 Qd6 4. d4 Nf6 5. Nge2 a6 6. Bf4 Qd8 7. Qd3 g6 8. Ng3 Bg7 9. 0-0-0 b5 10. h4 h5 11. f3 Bb7 12. Nge4 Nbd7 13. Be2 Nd5 14. Bg5 Nxc3 15. Nxc3 Nb6 16. Rhe1 Qd7 17. Bf1 Bh6 18. Bxh6 Rxh6 19. Ne4 Bxe4 20. Qxe4 c6 21. Qe5 Kf8 22. Qg5 Rh7 23. Bd3 Nd5 24. c3 Re8 25. Bc2 e6 26. Qe5 Qc7 27. Qxc7 Nxc7 28. a4 Ke7 29. b4 Rhh8 30. Kb2 Kd6 31. Ra1 Ra8 32. f4 a5 33. g3 axb4 34. cxb4 Nd5 35. axb5 cxb5 36. Be4 Rhc8 37. Bxd5 Kxd5 38. Re5+ Kc4 39. Ra5 Rxa5 40. bxa5 Rc7 41. Re1 Ra7 42. Ra1 Ra6 43. Rc1+ Kxd4 44. Rc7 f5 45. Rg7 e5 46. Rd7+ Ke4 47. Re7 Rxa5 48. fxe5 Ra6 49. Kb3 Kd5 50. Kb4 Re6 51. Rd7+ Kxe5 52. Kxb5 Ke4 53. Kc5 Kf3 54. Rd3+ Re3 55. Rd6 Kxg3 56. Rxg6+ Kxh4 57. Kd4 Re8 58. Rg7 f4 59. Kd3 f3 60. Kd2 Kh3 0-1

[Event "CZE-chT1W 2223"]
[Site "Czech Republic"]
[Date "2022.11.13"]
[Round "3.6"]
[White "Jelinek, Michal"]
[Black "Vojta, Tomas"]
[Result "0-1"]
[WhiteElo "2114"]
[BlackElo "2316"]
[PlyCount "70"]
[EventDate "2022.10.09"]
[EventType "team-tourn"]
[EventRounds "11"]
[EventCountry "CZE"]
[SourceTitle "CBM 213 Extra"]
[Source "ChessBase"]
[SourceDate "2023.05.31"]
[SourceVersion "1"]
[SourceVersionDate "2023.05.31"]
[SourceQuality "1"]
[WhiteTeam "Praha Oaza II"]
[BlackTeam "Ricany Betsys"]
[WhiteTeamCountry "CZE"]
[BlackTeamCountry "CZE"]

1. d4 d5 2. Nf3 Nf6 3. c4 dxc4 4. e3 Bg4 5. Bxc4 e6 6. Qb3 Bxf3 7. gxf3 Nbd7 8. Nc3 Nb6 9. Be2 c6 10. a4 a5 11. e4 Qxd4 12. Be3 Qb4 13. Qxb4 axb4 14. Bxb6 bxc3 15. bxc3 Nd7 16. Be3 Bc5 17. Kd2 Bxe3+ 18. Kxe3 Ra5 19. Rhb1 Nc5 20. f4 Ke7 21. Bd1 Rha8 22. Kd4 Rd8+ 23. Kc4 Rd7 24. Kb4 b6 25. Kc4 Nxe4 26. Rxb6 Rc5+ 27. Kb3 Rxc3+ 28. Kb4 Rd2 29. Ka5 Nc5 30. Rb4 Rd7 31. Rab1 Ra7+ 32. Kb6 Ra6+ 33. Kc7 Rd3 34. Be2 Rd7+ 35. Kc8 Ra8+ 0-1

[Event "Prague Golden Rapid op 17th"]
[Site "Prague"]
[Date "2022.07.09"]
[Round "7"]
[White "Pribyl, Josef"]
[Black "Vojta, Tomas"]
[Result "0-1"]
[WhiteElo "2195"]
[BlackElo "2334"]
[PlyCount "66"]
[EventDate "2022.07.09"]
[EventType "swiss (rapid)"]
[EventRounds "7"]
[EventCountry "CZE"]
[SourceTitle "CBM 209 Extra"]
[Source "ChessBase"]
[SourceDate "2022.09.30"]
[SourceVersion "1"]
[SourceVersionDate "2022.09.30"]
[SourceQuality "1"]

1. c4 e5 2. Nc3 Nc6 3. g3 Bc5 4. Bg2 d6 5. e3 a6 6. Nge2 Ba7 7. 0-0 h5 8. h3 h4 9. g4 f5 10. f3 Nf6 11. d4 Bd7 12. Kh1 fxg4 13. fxg4 Qe7 14. b4 0-0 15. Rb1 Rae8 16. b5 Nd8 17. Qd3 axb5 18. cxb5 exd4 19. Nxd4 c6 20. b6 Bb8 21. Nf5 Bxf5 22. Rxf5 d5 23. Ne2 Ne4 24. Ba3 Rxf5 25. Bxe7 Nf2+ 26. Kg1 Nxd3 27. Bxd8 Rf7 28. Bxh4 Ree7 29. e4 Rxe4 30. Nd4 Re3 31. Bf1 Nf4 32. Kh1 Ng6 33. Rd1 Re4 0-1

[Event "Prague Golden Rapid op 17th"]
[Site "Prague"]
[Date "2022.07.09"]
[Round "1"]
[White "Vojta, Tomas"]
[Black "Brotanek, Tomas"]
[Result "1-0"]
[WhiteElo "2334"]
[BlackElo "1587"]
[PlyCount "53"]
[EventDate "2022.07.09"]
[EventType "swiss (rapid)"]
[EventRounds "7"]
[EventCountry "CZE"]
[SourceTitle "CBM 209 Extra"]
[Source "ChessBase"]
[SourceDate "2022.09.30"]
[SourceVersion "1"]
[SourceVersionDate "2022.09.30"]
[SourceQuality "1"]

1. e4 c6 2. d4 d5 3. e5 Bf5 4. Nc3 e6 5. g4 Bg6 6. Nge2 Nd7 7. Be3 c5 8. dxc5 Bxc5 9. Bxc5 Nxc5 10. Nd4 a6 11. Bg2 Ne7 12. Qd2 0-0 13. 0-0 Rc8 14. f4 f5 15. h3 fxg4 16. hxg4 Nc6 17. f5 Nxd4 18. fxg6 Nc6 19. Rxf8+ Qxf8 20. Rf1 Qd8 21. Qf4 hxg6 22. Qf7+ Kh7 23. Rf3 Qh4 24. Rh3 Qxh3 25. Bxh3 Nxe5 26. Qf4 Nf7 27. Qxf7 1-0

[Event "Tatry op"]
[Site "Tatranske Matliare"]
[Date "2022.05.31"]
[Round "5"]
[White "Steiner, Bruno"]
[Black "Vojta, Tomas"]
[Result "0-1"]
[WhiteElo "2120"]
[BlackElo "2318"]
[PlyCount "62"]
[EventDate "2022.05.28"]
[EventType "swiss"]
[EventRounds "9"]
[EventCountry "SVK"]
[SourceTitle "EXT 2024"]
[Source "ChessBase"]
[SourceDate "2023.10.10"]
[SourceVersion "1"]
[SourceVersionDate "2023.10.10"]
[SourceQuality "1"]

1. e4 d5 2. exd5 Nf6 3. Bb5+ Nbd7 4. d4 a6 5. Be2 Nxd5 6. c4 N5f6 7. Nf3 e6 8. Nc3 Bd6 9. Bg5 b6 10. 0-0 Bb7 11. Re1 0-0 12. Bd3 h6 13. Bh4 c5 14. Ne5 Qc7 15. Nxd7 Nxd7 16. d5 Rae8 17. Qh5 Bxh2+ 18. Kh1 Ne5 19. Bc2 Bf4 20. Ne4 f5 21. g3 fxe4 22. gxf4 Nf3 23. Rxe4 Nxh4 24. Qxh4 exd5 25. Rxe8 Rxe8 26. Rg1 dxc4+ 27. Kh2 Rf8 28. Rg4 Rxf4 29. Rxf4 g5 30. Qxh6 Qxf4+ 31. Kh3 Qf3+ 0-1

[Event "Tatry op"]
[Site "Tatranske Matliare"]
[Date "2022.05.29"]
[Round "2"]
[White "Skreno, Vladimir"]
[Black "Vojta, Tomas"]
[Result "1/2-1/2"]
[WhiteElo "2057"]
[BlackElo "2318"]
[PlyCount "72"]
[EventDate "2022.05.28"]
[EventType "swiss"]
[EventRounds "9"]
[EventCountry "SVK"]
[SourceTitle "EXT 2024"]
[Source "ChessBase"]
[SourceDate "2023.10.10"]
[SourceVersion "1"]
[SourceVersionDate "2023.10.10"]
[SourceQuality "1"]

1. d4 d5 2. Nf3 Bg4 3. Ne5 Be6 4. Bf4 g5 5. Bg3 Bg7 6. e3 Nd7 7. f4 Nxe5 8. fxe5 Qd7 9. Nd2 Nh6 10. Bd3 Bg4 11. Nf3 Nf5 12. Bf2 Nh4 13. Bxh4 gxh4 14. h3 Bh5 15. Be2 Bxf3 16. Bxf3 Qb5 17. b3 0-0-0 18. Qd2 Kb8 19. a4 Qa6 20. b4 f6 21. Be2 Qe6 22. Bg4 f5 23. Bf3 Bh6 24. Qd3 Rhg8 25. Rf1 c6 26. 0-0-0 Qd7 27. Kb2 e6 28. Qb3 Qc7 29. Rd3 Rgf8 30. c4 f4 31. e4 dxc4 32. Qxc4 Qe7 33. Kb3 Rc8 34. Bg4 Rfe8 35. Qc5 Qc7 36. Qd6 Rcd8 1/2-1/2

[Event "Tatry op"]
[Site "Tatranske Matliare"]
[Date "2022.05.28"]
[Round "1"]
[White "Vojta, Tomas"]
[Black "Bracha, Pavel"]
[Result "1-0"]
[WhiteElo "2318"]
[BlackElo "1830"]
[PlyCount "57"]
[EventDate "2022.05.28"]
[EventType "swiss"]
[EventRounds "9"]
[EventCountry "SVK"]
[SourceTitle "EXT 2024"]
[Source "ChessBase"]
[SourceDate "2023.10.10"]
[SourceVersion "1"]
[SourceVersionDate "2023.10.10"]
[SourceQuality "1"]

1. e4 e5 2. Nc3 Nf6 3. f4 d5 4. fxe5 Nxe4 5. Qf3 Nxc3 6. dxc3 Qh4+ 7. g3 Qe4+ 8. Qxe4 dxe4 9. Bg2 Bf5 10. Ne2 Nc6 11. Nd4 Bg6 12. Nxc6 bxc6 13. Be3 f5 14. exf6 gxf6 15. 0-0 f5 16. Bh3 0-0-0 17. Bxf5+ Bxf5 18. Rxf5 Bd6 19. Raf1 h5 20. Bxa7 c5 21. Bxc5 Bxc5+ 22. Rxc5 Rhe8 23. Rf7 e3 24. Rcxc7+ Kb8 25. Rb7+ Ka8 26. Ra7+ Kb8 27. Rfb7+ Kc8 28. Rc7+ Kb8 29. Kf1 1-0

[Event "CZE-chT1W 2122"]
[Site "Czech Republic"]
[Date "2022.01.23"]
[Round "7.6"]
[White "Vasek, Jan"]
[Black "Vojta, Tomas"]
[Result "0-1"]
[WhiteElo "2165"]
[BlackElo "2301"]
[PlyCount "60"]
[EventDate "2021.10.10"]
[EventType "team-tourn"]
[EventRounds "11"]
[EventCountry "CZE"]
[SourceTitle "EXT 2023"]
[Source "ChessBase"]
[SourceDate "2022.10.05"]
[SourceVersion "1"]
[SourceVersionDate "2022.10.05"]
[SourceQuality "1"]
[WhiteTeam "Pankrac"]
[BlackTeam "Vlasim Spartak"]
[WhiteTeamCountry "CZE"]
[BlackTeamCountry "CZE"]

1. e4 d5 2. exd5 Nf6 3. Be2 Qxd5 4. Nf3 Bg4 5. d4 Nc6 6. Be3 0-0-0 7. Nbd2 e6 8. h3 Bh5 9. c3 Kb8 10. Qb3 Qxb3 11. axb3 Nd5 12. Ne5 Nxe5 13. Bxh5 Nd3+ 14. Kf1 Nxb2 15. c4 Nxe3+ 16. fxe3 c5 17. Rb1 Nd3 18. Ke2 cxd4 19. Kxd3 dxe3+ 20. Kxe3 g6 21. Bf3 Bh6+ 22. Ke4 Bxd2 23. Rbd1 Kc7 24. Be2 f5+ 25. Kf3 e5 26. Ra1 e4+ 27. Kf2 Bb4 28. h4 h6 29. g3 g5 30. hxg5 hxg5 0-1

[Event "Tatranska Lomnica Tatry op"]
[Site "Tatranska Lomnica"]
[Date "2021.10.08"]
[Round "8"]
[White "Kusa, Jakub"]
[Black "Vojta, Tomas"]
[Result "1/2-1/2"]
[WhiteElo "2303"]
[BlackElo "2301"]
[PlyCount "47"]
[EventDate "2021.10.02"]
[EventType "swiss"]
[EventRounds "9"]
[EventCountry "SVK"]
[SourceTitle "EXT 2023"]
[Source "ChessBase"]
[SourceDate "2022.10.05"]
[SourceVersion "1"]
[SourceVersionDate "2022.10.05"]
[SourceQuality "1"]

1. d4 d5 2. c4 Nc6 3. cxd5 Qxd5 4. e3 e5 5. Nc3 Bb4 6. Bd2 Bxc3 7. Bxc3 exd4 8. Ne2 Nge7 9. Nxd4 Nxd4 10. Qxd4 Qxd4 11. Bxd4 0-0 12. Rc1 c6 13. Bc4 Rd8 14. 0-0 Nd5 15. Rfd1 Be6 16. Be2 f6 17. g3 Kf7 18. e4 Ne7 19. b3 b6 20. Be3 c5 21. Rxd8 Rxd8 22. Rd1 Rxd1+ 23. Bxd1 f5 24. exf5 1/2-1/2